Guess the Genshin Impact character from a hint - Statistics

General Stats
  • This quiz has been taken 406 times
  • The average score is 45 of 93
Answer Stats
Hint Answer % Correct
Baron Bunny Amber
86%
Pirate Beidou
86%
Raised by wolves (literally) Razor
84%
Batman Diluc
83%
Always has their keys Alhaitham
82%
Bartender who hates wine with a passion Diona
82%
Always loses their keys Kaveh
82%
Batman but nun Rosaria
80%
Dandelion Jean
77%
Rock 'n Roll Xinyan
77%
Exorcist Chongyun
76%
Associated with King Deshret Cyno
73%
Father Arlecchino
72%
Would get struck by lightning twice due to bad luck Bennett
72%
Has many references to sharks and Hawaii Mualani
72%
First Natlan 4* Kachina
71%
Almond Tofu Xiao
71%
Has a raven translator Fischl
70%
Literally the only geo cataylst Ningguang
70%
Ocelot but with a leopard tail???? Xilonen
70%
Made an opera about Shenhe Yunjin
70%
Oldest of the House of the Hearth trio Freminet
68%
Dogboy in a croptop Gorou
68%
won't. stop. calling. us. cutie. Lisa
68%
Canadian Kaedehara Kazuha
67%
Lawyer Yanfei
67%
The Steambird Charlotte
65%
Otter Neuvillette
65%
50/50 Qiqi
65%
Cocogoat Ganyu
63%
Shenhe's adoptive mother Xianyun
63%
Allergic to beans Arataki Itto
62%
Arataki Gang Kuki Shinobou
62%
Doesn't just have cake, they have the whole bakery Wriothesley
62%
Housekeeper Thoma
61%
Granny Citlali
60%
Spiderman Kinich
59%
Famous Idol Barbara
58%
Fell into the abyss Childe
57%
Vengence Eula
57%
Was deleted from Iriminsul Scaramouche
57%
Uses the medium female model, despite being a guy Venti
57%
Inazuman+Fontainian Chiori
56%
Wet socks Kamisato Ayaka
56%
"Who ate a poisonous mushroom this time?" Tighnari
55%
Oddly enthusiastic about death Hu Tao
54%
The reason I, and many others, hate Dottore Collei
53%
Nekomata Kirara
52%
C₁₂H₂₂O₁₁ Sucrose
52%
Miku Faruzan
48%
Black market Dori
47%
Khaenri'ah Kaeya
47%
Forever C0 Aloy
46%
Head Priestess Sangonomiya Kokomi
46%
Macarons Navia
45%
Missing half his soul, heterochromia² Ororon
43%
Imprisoned for 500 years Nahida
41%
Temple of Silence Sethos
41%
Youkai Yae Miko
40%
Heterochromia Candace
38%
Associated heavily with the Hexenzirkle Mona
38%
Associated with the Goddess of Flowers Nilou
38%
Rook gnosis Zhongli
38%
Hated their vision so much they tried to destroy it Keqing
37%
Broke multiple claymores Noelle
37%
Will not shut up about growing Sayu
36%
Marechaussee Hunter Clorinde
33%
Faceless Kamisato Ayato
33%
Stereotypical gay voice, will not stop flirting Lyney
33%
Red Threads Shenhe
32%
Tengu Kujou Sara
31%
Len Mika
29%
Worst mother in existence Raiden Ei
28%
Star (literally) Lumine/Aether/the Traveler
26%
Obsessed with immortality Baizhu
25%
Rosmaritime Flower Sigewinne
25%
Stole from the richest man in Teyvat legally Yelan
23%
Name is literally never pronounced right by non-fans Gaming
20%
Born in the Deshret's Relics Dehya
19%
Was around during the Cataclysm but is not 500 years old Mavuika
19%
Bell head Yao²
19%
Not human but looks and acts human Albedo
18%
Crime scene cleaner Emilie
16%
Mistaken for a puppet often Lynette
16%
War crimes Klee
15%
Guhua Xinqiu
15%
Went surfing before Furina
11%
Arson Yoimiya
10%
Cursed by the abyss Chasca
9%
Cannibal Xiangling
8%
American but french Cheveruse
5%
Wisdom Seelie Layla
5%
Currently rotting in hoyo jail rn (not cryo jail though) Shikanoin Heizou
3%
No matching quizzes found
Score Distribution
Percent of People with Each Score
Percentile by Number Answered
Your Score History
You have not taken this quiz